[Event "Clichy 92 IM 2022"]
[Site "Clichy"]
[Date "2022.02.21"]
[Round "1.1"]
[White "Benmesbah, Natacha"]
[Black "Petrov, Martin"]
[Result "0-1"]
[WhiteElo "2224"]
[BlackElo "2542"]
[Annotator "TA"]
[PlyCount "80"]
[EventDate "2022.02.20"]
[EventType "tourn"]
[EventCountry "FRA"]
[SourceTitle "playchess.com"]
[Source "ChessBase"]
[SourceQuality "1"]

{[%evp 16,80,0,-15,21,30,18,-43,-41,-33,-42,-29,-28,-58,-21,-18,-15,-19,-20,-46,-23,-9,-16,-25,47,57,63,52,133,131,162,106,117,117,108,124,107,128,122,120,103,40,44,16,14,14,43,33,56,17,23,-359,-352,-885,-878,-860,-853,-2546,-2468,-2722,-2604,-5702,-5401,-4954,-4929,-1029,-740]} 1. e4 c5 2. Nf3 e6 3. d3 Nc6 4. g3 d5 5. Qe2 Be7 6. Bg2 Nf6 7. O-O O-O 8. e5 Nd7 9. c4 b5 {C00: French: Unusual White 2nd moves.} 10. cxb5 Na5 11. Nc3 ({White should try} 11. Qc2 $11) 11... a6 $1 $15 {Black is slightly better.} 12. bxa6 Bxa6 13. h4 Nc6 {[%mdl 1024] Black has compensation.} 14. Rd1 Rb8 15. Bf4 Rb4 {[#]} 16. Rd2 $146 ({Predecessor:} 16. b3 Bxh4 17. a3 Rxb3 18. Qc2 Rxc3 19. Qxc3 Be7 20. d4 Be2 21. Re1 Bxf3 22. Qxf3 Nxd4 {0-1 (49) Michalek,J (2249)-Vojta,J (2216) Marianske Lazne 2022}) 16... h6 17. h5 Bg5 18. Bxg5 hxg5 19. a3 Nd4 20. Nxd4 $14 Rxd4 21. Qe3 {[%cal Ob2b4] Hoping for b4!} f5 (21... Rg4 $1 $14) 22. exf6 $16 Qxf6 23. Re1 (23. Re2 $18) 23... Bxd3 24. Qxe6+ Qxe6 25. Rxe6 Bf5 {[%csl LRd2,LRe6]} 26. Ree2 Rxd2 27. Rxd2 d4 {[#]} 28. Nd5 (28. Ne4 $1 $16) 28... Re8 $14 29. b4 Re1+ 30. Kh2 d3 31. Ne3 Bh7 32. Bd5+ (32. Bc6 $5 {[%cal Rc6d7]} Re2 33. Rd1 Rxf2+ 34. Kg1 $16) 32... Kf8 33. b5 $2 {[%mdl 8192] [#]} (33. bxc5 $11 {and White stays safe.} Nxc5 34. Kg2) 33... Nb6 $1 $19 {[%cal Oe1e3] Threatens to win with ...Rxe3!} 34. Ng2 (34. Bb3 Rxe3 35. fxe3) 34... Rc1 {Black is clearly winning.} 35. Bf3 c4 {aiming for ...c3.} 36. Rd1 Rxd1 37. Bxd1 c3 38. Ne1 c2 39. Bxc2 dxc2 40. Nxc2 Bxc2 {What a bad dream for White.  Weighted Error Value: White=0.85/Black=0.12 (very precise)} 0-1

[Event "Clichy 92 IM 2022"]
[Site "Clichy"]
[Date "2022.02.21"]
[Round "1.2"]
[White "Valles Moreno, Ivan"]
[Black "Droin, Augustin"]
[Result "0-1"]
[WhiteElo "2401"]
[BlackElo "2343"]
[Annotator "TA"]
[PlyCount "92"]
[EventDate "2022.02.20"]
[EventType "tourn"]
[EventCountry "FRA"]
[SourceTitle "playchess.com"]
[Source "ChessBase"]
[SourceQuality "1"]

{[%evp 9,92,41,40,36,33,0,0,0,0,-36,75,5,27,28,29,21,35,22,0,6,27,30,24,22,24,32,81,21,50,33,31,0,0,0,0,-27,0,0,0,0,8,42,52,0,0,0,14,16,152,0,185,82,79,-25,-20,-34,-43,-582,-567,-539,-552,-733,-750,-747,-808,-827,-805,-796,-795,-777,-757,-1045,-1034,-1022,-997,-1122,-1087,-1239,-1243,-1991,-2011,-29973,-29973,-29989,-1001]} 1. Nf3 b6 2. e4 {[%cal Be2e4,Be4e5][%mdl 32]} Bb7 3. Nc3 e6 4. d4 Bb4 5. Bd3 Nf6 6. Nd2 {B00: Queen's Fianchetto Defence, Nimzowitsch Defence.} c5 {[%cal Bc7c5,Bc5d4][%mdl 32]} 7. e5 cxd4 8. Nb5 {[#] The position is equal.} Nd5 $146 (8... Bxg2 $2 9. Rg1 Bd5 10. exf6 $18) ({Predecessor:} 8... a6 9. Nxd4 Nd5 10. Qg4 Bf8 11. Ne4 f5 12. exf6 Nxf6 13. Nxf6+ Qxf6 14. Bg5 Qf7 {1-0 (28) Gourlay,I (2369)-Maxwell,D (2048) Paisley 2018}) 9. O-O d6 (9... Nc6 $15 {stays ahead.}) 10. Qg4 (10. exd6 a6 11. Nxd4 Nf6 $11) (10. a3 $16 a6 11. axb4 axb5 12. Bxb5+ Kf8 13. Rxa8 Bxa8 14. exd6) 10... O-O 11. Nf3 dxe5 $1 12. Bh6 {[%csl Gh6][%cal Rg4g7]} g6 (12... Qf6 $2 13. Bg5 $18) 13. Bxf8 Bxf8 14. Nxe5 Bg7 {This bishop pair is nice.} 15. Rfe1 {[%cal Oe5f7] Threatens to win with Nxf7!} Bxe5 16. Rxe5 Nc6 17. Ree1 Ndb4 (17... e5 $14) 18. Rad1 (18. Qg3 $1 $16) 18... a6 19. Na3 Nxd3 20. Rxd3 Qd5 {Prevents Nc4.} 21. c4 Qa5 {[%cal Ra5e1]} 22. Qd1 Rd8 {[%mdl 1024] Black has compensation.} 23. Qd2 Qc5 24. Qh6 Qb4 {[%csl LRb2,LRe1][%cal Rb4e1]} 25. Kf1 {And now Rh3 would win.} Ne7 {[%cal Ob7g2] ...Bxg2+! is the strong threat.} 26. Qd2 ({White should play} 26. Re2 $14) 26... Qd6 $11 27. Qg5 Nf5 28. g4 Ne7 (28... Ng7 $11) 29. Qh4 $2 (29. Rh3 $1 $16) 29... Kf8 $2 (29... Kg7 $11 {and Black stays safe.}) 30. Nc2 ({Don't play} 30. Qxh7 $6 Qf4 $14) (30. Qh6+ $18 {and White stays clearly on top.} Kg8 31. Rh3) 30... Qc6 $16 31. b3 (31. Nxd4 $16 Qxc4 32. Nxe6+ $1 fxe6 33. Qf6+ Kg8 34. Qxe6+ Qxe6 35. Rxd8+ Kf7 36. Rxe6 Kxe6 37. Rb8) 31... Qg2+ 32. Ke2 {Strongly threatening Kd2.} Qe4+ 33. Ne3 $4 {[%mdl 8192] Loses the game.} Qf3+ $19 34. Kd2 {[%cal Oe3d5]} Be4 {Inhibits Nd5.} 35. Qxe7+ Kxe7 {[%cal Bf8e7,Be7f6,Bf6f5][%mdl 32]} 36. Nf5+ gxf5 37. Rxf3 Bxf3 38. gxf5 {[%mdl 4096] Endgame KRB-KR} Kf6 {Hoping for ...e5.} 39. fxe6 fxe6 {[%cal Bf7e6,Be6e5,Be5e4][%mdl 32]} 40. b4 e5 41. Rb1 Rc8 42. Kd3 Kf5 {aiming for ...Be4+.} 43. Re1 {Inhibits Be4+.} Rd8 44. Rc1 e4+ 45. Kd2 Kf4 46. Ke1 Ke5 {Weighted Error Value: White=0.63/Black=0.27 (precise)} (46... e3 $142 47. Kf1 {[#]} Be2+ $1 {[%mdl 512]} 48. Kxe2 d3+ 49. Kf1 e2+ 50. Kg2 d2 51. Rc3 Rg8+ 52. Rg3 e1=Q 53. c5 d1=Q 54. Kh3 Qxf2 $1 55. Rg5 Qdf3+ 56. Rg3 Qh5#) 0-1

[Event "Clichy 92 IM 2022"]
[Site "Clichy"]
[Date "2022.02.21"]
[Round "1.3"]
[White "Onkoud, Abdelaziz"]
[Black "Soham Das"]
[Result "1-0"]
[WhiteElo "2317"]
[BlackElo "2330"]
[Annotator "TA"]
[PlyCount "78"]
[EventDate "2022.02.20"]
[EventType "tourn"]
[EventCountry "FRA"]
[SourceTitle "playchess.com"]
[Source "ChessBase"]
[SourceQuality "1"]

{[%evp 9,78,6,15,4,0,8,27,-20,22,-12,-7,-22,9,-7,-12,-4,4,0,0,0,26,13,16,13,9,0,9,0,13,21,20,12,15,-18,-5,-58,-69,-113,-64,-62,-60,-168,-155,-158,-8,-14,62,-39,-34,-33,-40,-33,-40,-47,0,0,0,0,0,0,0,0,0,0,0,0,0,0,0,0,15]} 1. Nf3 d5 2. b3 Nf6 3. Bb2 Bf5 4. g3 e6 5. Bg2 c5 6. O-O {A07: Réti Opening: New York and Capablanca Systems.} Nc6 7. d3 h6 8. c4 (8. Nbd2 $142) 8... Be7 (8... d4 $1 {deserves consideration.}) 9. Na3 O-O 10. Nc2 {[#]} Qd7 $146 ({Predecessor:} 10... Bh7 11. Qd2 Qc7 12. Rac1 {½-½ (12) Obona,J (2222)-Lecky,J (2074) Slovakia 2017}) 11. Ne3 Bh7 12. cxd5 Nxd5 13. Nxd5 exd5 14. d4 Bf6 15. Rc1 cxd4 16. Nxd4 Rfe8 17. e3 Nb4 18. Ba1 Nxa2 19. Rc5 Be4 20. Bxe4 dxe4 21. Qe2 Nb4 {With the idea ...Nd3.} 22. Nf5 ({White should play} 22. Qb5 $11 Qxb5 23. Nxb5 (23. Rxb5 Bxd4 24. Bxd4 Nc6 $11)) 22... Qe6 $15 {And now ...Nd3 would win.} 23. Qg4 {[#]} (23. Bxf6 $15 {is superior.} Qxf6 24. Qg4) 23... Bxa1 (23... h5 $1 $17 {[%cal Rh5g4]} 24. Nh6+ (24. Qxh5 $2 g6 $19) 24... Kf8 25. Qxe6 Rxe6) 24. Rxa1 {[%csl Gf5][%cal Rg4g7]} Qf6 25. Ra4 (25. Rf1 $1 $15) 25... Nd3 $19 26. Rd5 Kh8 ({Black should try} 26... h5 $17 27. Qe2 Rad8 28. Rxd8 Rxd8) 27. Rxe4 $11 Ne5 (27... Qa1+ $11 28. Kg2 Rxe4 29. Qxe4 Qh1+ 30. Kxh1 Nxf2+ 31. Kg2 Nxe4) 28. Qf4 {[#] White is more active.} (28. Qh5 $1 $14) 28... g5 $1 $15 29. Qxe5 Rxe5 30. Rdxe5 Rd8 31. Nd4 Rc8 (31... Qa6 $15) 32. Rf5 $11 {The position is equal.} Rc1+ (32... Qa6 $5 33. Kg2 Rc1 $11) 33. Kg2 Qa6 {White must now prevent ...Qf1+.} 34. Kf3 $1 Qg6 {Strongly threatening ...Qh5+.} (34... Qf1 35. Re7 Qd1+ 36. Ke4 Qh1+ 37. f3 $18) 35. Re7 g4+ 36. Ke4 Rc5 37. Rexf7 {aiming for R7f6.} Rxf5 38. Rxf5 Kg7 39. Kf4 a6 {[%mdl 32768] Weighted Error Value: White=0.23 (precise) /Black=0.21 (precise) . Loss on time!?} 1-0

[Event "Clichy 92 IM 2022"]
[Site "Clichy"]
[Date "2022.02.21"]
[Round "1.4"]
[White "Sorbe, Stephane"]
[Black "Degardin, Sylvain"]
[Result "1-0"]
[WhiteElo "2324"]
[BlackElo "2291"]
[Annotator "TA"]
[PlyCount "81"]
[EventDate "2022.02.20"]
[EventType "tourn"]
[EventCountry "FRA"]
[SourceTitle "playchess.com"]
[Source "ChessBase"]
[SourceQuality "1"]

{[%evp 17,81,0,0,0,0,0,-5,-5,10,0,0,0,0,0,-15,-6,0,0,0,0,26,0,0,0,0,-15,152,159,169,181,153,141,173,179,180,183,366,354,571,576,518,464,470,444,550,551,535,523,744,380,627,642,638,620,598,561,1317,1275,29987,29988,29988,29989,29991,29992,29994,29993]} 1. d4 d5 2. Nf3 Nf6 3. c3 e6 4. Bg5 Nbd7 5. Nbd2 Be7 6. e3 b6 7. Bd3 Bb7 8. O-O O-O 9. Ne5 Nxe5 10. dxe5 {D03: 1 d4 d5 2 Nf3 Nf6 3 Bg5, including Torre Attack with early ...d5.} Nd7 11. Bxe7 (11. Qh5 g6 12. Bxe7 Qxe7 $17) 11... Qxe7 12. f4 {The position is equal.} ({Much worse is} 12. Qh5 g6 13. Qh3 Nxe5 $17) 12... f6 13. Qh5 g6 14. Qh4 Rae8 15. Qg3 fxe5 16. fxe5 {[#]} Qg7 $146 ({Predecessor:} 16... Rf7 17. Rxf7 Qxf7 18. Rf1 Qg7 19. Nf3 Rf8 20. Qg4 Qe7 21. Ng5 Rxf1+ 22. Kxf1 Nxe5 {0-1 (44) Phan Hoang Diem,M-Dam,L Ho Chi Minh City 2001}) 17. Rxf8+ Rxf8 18. Nf3 c5 (18... Nc5 $5 {[%cal Rc5d3]} 19. Bc2 a5 $15) 19. Rd1 Bc6 20. b4 a5 21. bxa5 b5 $2 (21... bxa5 $11 22. c4 a4) 22. Rb1 $16 c4 {[#]} 23. Bc2 {[%cal Oa2a4]} Ra8 24. Rf1 Nc5 (24... Rxa5 $2 25. Nd4 Qxe5 26. Rf4 $18 (26. Nxc6 Qxg3 27. hxg3 Rxa2 $14)) 25. Nd4 Bd7 26. Qg5 h6 $2 (26... Nd3) 27. Qg3 $18 ({Weaker is} 27. Qxg6 Qxg6 28. Bxg6 Rxa5 $11) 27... Nd3 $2 (27... Be8 {was worth a try.} 28. Rf6 Rxa5) 28. Rf6 Kh7 29. Bxd3 cxd3 30. Qf2 {[#] And now Rf7 would win.} Kg8 {Prevents Rf7.} 31. Qd2 Rxa5 32. Qxd3 Kh7 33. Qc2 {Black must now prevent h4.} Ra6 $2 (33... Ra8 34. Qf2 Kg8 35. Nxe6 Bxe6) 34. h4 h5 35. Nf3 {White threatens Ng5+ and mate.} Be8 36. Ng5+ Kh6 37. Qf2 {White wants to mate with Qf4.} Ra8 38. Qf4 {White mates.} Ra4 39. e4 Qa7+ 40. Kh2 Kg7 41. Rxe6 {Weighted Error Value: White=0.15 (very precise) /Black=0.63} 1-0

[Event "Clichy 92 IM 2022"]
[Site "Clichy"]
[Date "2022.02.21"]
[Round "1.5"]
[White "Mekhane, Adam"]
[Black "Decuigniere, Tom"]
[Result "1/2-1/2"]
[WhiteElo "2318"]
[BlackElo "2292"]
[Annotator "TA"]
[PlyCount "61"]
[EventDate "2022.02.20"]
[EventType "tourn"]
[EventCountry "FRA"]
[SourceTitle "playchess.com"]
[Source "ChessBase"]
[SourceQuality "1"]

{[%evp 9,61,21,30,24,28,27,43,41,46,16,37,42,60,0,20,8,31,15,51,58,56,23,49,49,67,49,50,61,58,25,52,61,58,52,77,78,75,72,77,78,80,89,91,18,10,0,0,0,0,0,0,0,0,0]} 1. e4 c6 2. d4 d5 3. exd5 cxd5 4. Bd3 Nc6 5. c3 e6 6. Nf3 {B13: Caro-Kann: Exchange Variation and Panov-Botvinnik Attack.} Bd6 7. O-O Qc7 8. Re1 {White is slightly better.} Nge7 9. Nbd2 Ng6 10. Nf1 {[#]} Bd7 $146 ({Predecessor:} 10... O-O 11. Ng3 e5 12. dxe5 Ncxe5 13. Nxe5 Nxe5 14. Bc2 Be6 15. Nf5 Bc5 16. Qh5 Ng6 {1-0 (34) Da Silva,F (1859)-Terra,A (1566) Brasilia 2016}) 11. Ng3 ({White should try} 11. Ng5 $14) 11... O-O-O 12. Nh5 e5 13. dxe5 Ncxe5 14. Nxe5 Bxe5 15. h3 Rhe8 16. Be3 Kb8 17. Qd2 Bc6 18. Bd4 f6 19. Kh1 Nf4 20. Nxf4 Bxf4 21. Qc2 Be5 22. Bxh7 Bxd4 23. cxd4 Qf4 24. Rxe8 Rxe8 {[#]} 25. Rd1 $1 Bd7 {[#]} 26. Bg6 (26. Qd2 $1 $16 {[%cal Rd2f4]} Qxd2 27. Rxd2) 26... Rh8 $1 $11 {[%cal Od7h3] Threatens to win with ...Bxh3! The position is equal.} 27. Qd2 Rxh3+ $1 28. gxh3 Qf3+ 29. Kh2 Qxh3+ 30. Kg1 Qg4+ 31. Kh2 {Weighted Error Value: White=0.13 (very precise) /Black=0.08 (flawless)} 1/2-1/2

[Event "Clichy 92 IM 2022"]
[Site "Clichy"]
[Date "2022.02.21"]
[Round "2.1"]
[White "Petrov, Martin"]
[Black "Valles Moreno, Ivan"]
[Result "1/2-1/2"]
[WhiteElo "2542"]
[BlackElo "2401"]
[Annotator "TA"]
[PlyCount "133"]
[EventDate "2022.02.20"]
[EventType "tourn"]
[EventCountry "FRA"]
[SourceTitle "playchess.com"]
[Source "ChessBase"]
[SourceQuality "1"]

{[%evp 18,133,33,22,89,80,117,121,115,136,125,36,151,80,82,65,87,58,84,57,81,80,151,143,266,259,253,250,281,267,338,265,257,201,203,188,225,208,189,206,221,233,364,359,353,241,297,261,387,393,394,365,585,547,545,540,876,860,1058,574,818,408,872,672,690,620,504,481,689,675,649,202,190,111,85,39,45,44,19,8,8,0,0,0,0,0,0,0,0,0,0,0,0,-7,83,0,0,-29981,0,0,0,0,0,0,0,0,0,0,0,0,0,0,0,0,0,0,0,0]} 1. e4 c5 2. Nf3 d6 3. d4 cxd4 4. Nxd4 Nf6 5. Nc3 Nc6 6. f3 e5 7. Nb3 Be7 8. Be3 O-O {8...Be6 gains popularity.} 9. Qd2 Be6 10. Nd5 Nd7 {B56: Classical Sicilian: Unusual Lines.} (10... a5 $11) 11. O-O-O $16 {White is much more active. Black has bad knights.} a5 12. Nxe7+ Qxe7 {White is better.} 13. Qxd6 {[#]} Qf6 $146 ({Predecessor:} 13... Qxd6 14. Rxd6 a4 15. Nc5 Nxc5 16. Bxc5 Bxa2 17. Bb5 Rfc8 18. Bxc6 bxc6 19. Rhd1 h6 {½-½ (46) Koncz,I (1750)-Huszar,R (1833) Hungary 2010}) 14. Bb5 (14. a4 $16) 14... Rfc8 (14... a4 $14) 15. Kb1 (15. a4 $142 $1) 15... a4 16. Nc1 {[%cal Bb3c1,Bc1a2,Ba2c3][%mdl 32]} Nd4 $1 17. Bxd4 (17. Rxd4 exd4 18. Qxd4 Qe5 19. Qxe5 Nxe5 $11) 17... Bxa2+ $1 18. Nxa2 Qxd6 19. Bc3 $36 {[%mdl 2048] Keeping Black busy. A strong pair of Bishops.} Qb6 20. Bxd7 Rxc3 (20... Rc5 $16 {keeps fighting.} 21. Nb4 a3) 21. Nxc3 $18 a3 {[%csl Ga3][%cal Rb6b2]} 22. b3 a2+ 23. Kb2 $1 (23. Nxa2 Qa7 24. Ba4 b5 $15) 23... Qa7 24. Ba4 Qf2 25. Rd3 h5 26. Rhd1 ({Much less strong is} 26. Nxa2 $6 Qxg2 27. Rdd1 Rc8 $16) 26... a1=Q+ 27. Rxa1 Qxg2 28. h4 Qf2 29. Rh1 Ra6 (29... Kh7 $142 30. b4 Qb6) 30. Bb5 Rg6 31. Rd8+ Kh7 32. Bd3 Rg3 (32... Rf6 $142 33. Rd5 Qxf3) 33. Rf1 Qh2 34. Rd7 {[%csl LRb7,LRf7]} f6 $2 (34... Qxh4 35. Rxb7 Kg6) 35. Rxb7 Qxh4 36. Nd5 Kh6 37. Ne7 {Nf5+ would kill now.} g6 {To avoid Nf5+} 38. Rb6 {And now Ng8+ would win.} Kg7 39. Nd5 (39. Ra1 $142 {[%cal Oe7g8] Threatening mate with Ng8!} Kh6 40. Rxf6 $3 {[%mdl 512]} Qxf6 41. Ng8+ Kg7 42. Nxf6 Kxf6 43. b4 Rxf3 44. b5) 39... Rh3 (39... Qh2 $142 40. Rb7+ Kh6 41. Nxf6 Kg5) 40. Rxf6 Rh1 41. b4 {Black must now prevent Rxh1.} Rxf1 42. Bxf1 Qh1 (42... Qf2 $142 43. Bh3 Qd4+ 44. Kb3 Qd1) 43. Bb5 h4 44. Bd7 (44. Be8) 44... h3 {[#]} 45. Bxh3 Qxh3 {[%mdl 4096] Endgame KQ-KRN} 46. c3 ({Better is} 46. Rc6 $16 Qxf3 47. b5 Qxe4 48. c4) 46... Qf1 47. Ka3 {Strongly threatening Ka4.} Qd3 48. Ka4 g5 49. Rf5 g4 50. Rg5+ ({Avoid the trap} 50. Rxe5 $2 Qc2+ 51. Kb5 gxf3 $19) 50... Kh6 51. Rxg4 {Hoping for Rg1.} Qxf3 52. Rg8 ({Reject} 52. Rh4+ Kg5 53. Rh2 Qxe4 $15) 52... Qxe4 53. Rd8 Qc4 54. Ka5 e4 55. Kb6 Qd3 (55... Kg5 $11 {keeps the balance.}) 56. Rd6+ (56. Kc5 $16) 56... Kg5 $11 {aiming for ...e3.} 57. Rc6 $2 {[%mdl 8192]} e3 $2 (57... Qxd5 {mates} 58. Rc5 {[#]} Qf5 $3 {[%mdl 512]} 59. Rxf5+ Kxf5 60. Kc5 e3 61. c4 e2 62. b5 e1=Q 63. b6 Qe7+ 64. Kd4 Qd6+ 65. Kc3 Qxb6 66. Kc2 Ke4 67. Kc3 Qc5 68. Kc2 Qxc4+ 69. Kb2 Qb4+ 70. Ka2 Kd3 71. Ka1 Kc3 72. Ka2 Qb2#) 58. Nxe3 $1 {The position is equal.} Qxe3+ {KQ-KR} 59. Ka6 Qd3+ 60. b5 Qd7 61. c4 Kf4 62. c5 Ke5 63. Rd6 Qc8+ 64. Kb6 Qb8+ 65. Kc6 Qc8+ 66. Kb6 Qb8+ 67. Ka5 {What a bad dream for Black.  Weighted Error Value: White=0.50/Black=0.55} 1/2-1/2

[Event "Clichy 92 IM 2022"]
[Site "Clichy"]
[Date "2022.02.21"]
[Round "2.2"]
[White "Soham Das"]
[Black "Droin, Augustin"]
[Result "0-1"]
[WhiteElo "2330"]
[BlackElo "2343"]
[Annotator "TA"]
[PlyCount "100"]
[EventDate "2022.02.20"]
[EventType "tourn"]
[EventCountry "FRA"]
[SourceTitle "playchess.com"]
[Source "ChessBase"]
[SourceQuality "1"]

{[%evp 9,100,-13,-10,-6,0,0,0,-17,-16,-14,0,0,0,-15,18,27,22,22,16,23,16,6,8,10,56,3,33,42,67,67,104,109,156,118,160,127,140,117,159,112,120,116,138,98,102,10,2,3,8,5,14,0,0,0,0,-33,3,4,4,4,4,4,6,0,0,0,0,-244,0,-244,-237,-202,-167,-12833,-10393,-8035,-7891,-9572,-1000,-5165,-1828,-29977,-29978,-29976,-29976,-29980,-29981,-29981,-29982,-29983,-29984,-29984,-29985]} 1. d4 d5 2. Bf4 c5 3. e3 Nc6 4. Nc3 cxd4 5. exd4 a6 6. Nf3 {B13: Caro-Kann: Exchange Variation and Panov-Botvinnik Attack.} Bg4 7. Be2 e6 8. Ne5 {The position is equal.} Nxe5 9. Bxe5 Bxe2 10. Nxe2 Ne7 {[#]} 11. Nf4 $146 ({Predecessor:} 11. c3 Nc6 12. Bg3 Bd6 13. O-O Bxg3 14. hxg3 {½-½ (14) Schulz,M (2132)-Dresen,U (2230) Magdeburg 2020}) 11... Qa5+ 12. c3 Nc6 13. Qh5 {[%cal Oe5g7]} Nxe5 14. Qxe5 Qb5 15. O-O-O O-O-O 16. Nd3 Rd7 (16... h5 $11 {is more appropriate.}) 17. Kb1 (17. f4 $14) 17... Rc7 18. Ka1 Qc4 19. f4 a5 20. f5 Rc6 ({Better is} 20... Re7 21. Rhe1 a4 22. fxe6 fxe6) 21. fxe6 fxe6 (21... Rxe6 $142 22. Qg5 g6) 22. Qe3 {And now Ne5 would win.} Rb6 23. Rhf1 a4 24. Rc1 (24. Ne5 $142 Qb5 25. Qc1) 24... Kb8 $16 25. Rf7 {Hoping for Ne5.} Bd6 26. Nc5 Ka7 27. Qd3 (27. Rxg7 $16 {With the idea Nd7.} Bxc5 28. dxc5) 27... Bxc5 $11 28. Qxc4 dxc4 29. dxc5 {[%mdl 4096] Endgame KRR-KRR} Rc6 30. Rd1 Rxc5 31. Rdd7 Rb5 32. Rxg7 a3 (32... Rf8 $5 {[%cal Rf8f1]} 33. Rgf7 Rxf7 34. Rxf7 Rf5 35. Rxf5 exf5 $11) 33. bxa3 Rf8 {( -> ...Rf1+)} 34. Rgf7 {Prevents Rf1+.} Rxf7 35. Rxf7 Rf5 36. Rxf5 ({Much less strong is} 36. Rxh7 Rf1+ 37. Kb2 Rf2+ 38. Ka1 Rxg2 $14) 36... exf5 {[%cal Be6f5,Bf5f4][%mdl 32] KP-KP} 37. Kb2 Kb6 38. a4 $2 (38. Kc1 $11) 38... Ka5 $2 (38... f4 $1 $19 {Threatens to win with ...Ka6.} 39. Kc2 Ka5) 39. Ka3 $2 (39. g3 $1 $11 {and White is okay.}) 39... f4 $19 40. h3 h6 {[%cal Bh7h6,Bh6h5][%mdl 32]} 41. h4 $2 (41. Kb2) 41... h5 42. Kb2 Kxa4 43. Kc2 Kb5 (43... b6 $142 44. Kb2 Ka5) 44. Kb2 Kc5 45. Ka3 b5 {Black mates.} 46. Kb2 {[#]} Kd5 $1 47. Ka3 {[#]} Ke4 $1 48. Kb4 Kd3 49. Kxb5 Kxc3 50. a4 Kd4 {Never resign too early!  Weighted Error Value: White=0.73/Black=0.30} 0-1

[Event "Clichy 92 IM 2022"]
[Site "Clichy"]
[Date "2022.02.21"]
[Round "2.3"]
[White "Onkoud, Abdelaziz"]
[Black "Sorbe, Stephane"]
[Result "0-1"]
[WhiteElo "2317"]
[BlackElo "2324"]
[Annotator "TA"]
[PlyCount "84"]
[EventDate "2022.02.20"]
[EventType "tourn"]
[EventCountry "FRA"]
[SourceTitle "playchess.com"]
[Source "ChessBase"]
[SourceQuality "1"]

{[%evp 14,84,6,4,7,2,1,0,0,-4,0,0,0,0,-7,-20,0,-18,-14,-13,16,-19,3,0,0,0,0,0,0,-47,-43,-77,-54,-63,-50,-68,-68,-62,-47,-45,-31,-174,-138,-166,-150,-160,-151,-285,-274,-442,-439,-629,-603,-900,-898,-848,-847,-3634,-1209,-5710,-1175,-1073,-1062,-1054,-956,-574,-496,-809,-555,-29980,-561,-517,-474]} 1. g3 d5 2. Bg2 c6 3. d3 Nf6 4. Nd2 Bg4 5. h3 Bh5 6. Ngf3 Nbd7 7. O-O e6 8. e4 Be7 {A07: Réti Opening: New York and Capablanca Systems.} 9. Qe2 O-O 10. g4 Bg6 {The position is equal.} 11. Nh4 dxe4 12. Nxg6 hxg6 13. dxe4 e5 {[#]} 14. Nb3 $146 ({Predecessor:} 14. a4 Ne8 15. Nc4 Nd6 16. Rd1 Nxc4 17. Qxc4 g5 18. Be3 a5 19. Qd3 Nc5 20. Qc3 {1-0 (38) Boruchovsky,A (2559)-Kozak,A (2440) Budapest 2018}) 14... Qc7 15. Be3 a5 16. a4 Rfd8 17. Rfd1 Nf8 18. Rxd8 Rxd8 19. Rd1 Ne6 20. Rxd8+ Bxd8 21. f3 (21. h4 $11 {deserves consideration.}) 21... Nd7 $15 22. Qd2 b5 $1 23. axb5 cxb5 24. Bf1 ({Don't go for} 24. Nxa5 $2 Qxa5 25. Bf1 Qxd2 26. Bxd2 Nd4 $19) 24... a4 25. Nc1 ({Don't play} 25. Bxb5 axb3 26. Bxd7 bxc2 27. Bxe6 fxe6 $19) 25... Nd4 26. Bxd4 exd4 27. Nd3 {White does not recover from this.} (27. Bxb5 $15 Ne5 28. Kg2) 27... Be7 $19 28. f4 Qb6 29. e5 {[#]} b4 $1 {[%cal Bb5b4,Bb4a3][%mdl 32] And now ...a3 would win.} 30. Bg2 (30. Qg2 $17 {is the only way for White.} a3 31. Qa8+ Bf8 32. bxa3 bxa3 33. f5) 30... a3 {Strongly threatening ...a2.} 31. Qc1 $2 (31. Bd5 Qa5 32. Bxf7+ Kxf7 33. bxa3) 31... Qa5 32. Qa1 (32. bxa3 $142 bxa3 33. Qa1) 32... Nc5 33. bxa3 Nxd3 34. cxd3 bxa3 {Hoping for ...Qc3.} 35. Qa2 Qe1+ 36. Kh2 Bh4 (36... Bb4 $142 37. e6 fxe6) 37. Bd5 Qg3+ 38. Kh1 Qxh3+ 39. Kg1 Qxg4+ 40. Kh1 (40. Qg2 $142 Qxf4 41. Bc4) 40... Qxf4 {( -> ...Qf1+)} 41. e6 fxe6 (41... Qf1+ $142 42. Kh2 Be7 43. Qg2 Bd6+ 44. Kh3 Qf5+ 45. Qg4 Qxd5 46. exf7+ Qxf7 47. Kg2 Qd5+ 48. Qf3 Qxf3+ 49. Kxf3 a2 50. Ke4 a1=Q 51. Kd5 {[#]} Kf7 $1 52. Kxd6 Qa5 53. Kc6 Ke6 54. Kb7 Kd6 55. Kb8 Kc6 56. Kc8 Qc7#) 42. Bxe6+ Kh7 {Weighted Error Value: White=0.97/Black=0.45} 0-1